Statistiques concernant Basket: Pays Champions du Monde (Hommes et Femmes)

Cliquez ici pour prendre le quiz!

Statistiques générales

  • Ce quiz a été pris 213 fois
  • Le résultat moyen est 6 sur 7

Statistiques - réponses

Réponse% Correct
Etats-Unis
100%
Espagne
95%
Yougoslavie
87%
URSS
81%
Argentine
78%
Australie
64%
Brésil
64%

Distribution des résultats

Percentile par nombre de réponses

% des personnes avec chaque résultat

Votre développement - résultats

Vous n’avez pas pris ce quiz